export_success — 

A Practical guide to doing business in Lesotho.

Bibliographic Details
Format: Book
Published: Maseru: Ministry of Trade and Industry Cooperatives and Marketing.
Subjects:
LEADER 00426cam a2200133 7i4500
001 0000030436
005 20131030090000.0
090 0 0 |a LESO 338.7   |b PRA 
245 0 2 |a A Practical guide to doing business in Lesotho. 
260 0 0 |a Maseru:   |b Ministry of Trade and Industry Cooperatives and Marketing. 
300 # # |a 131 p. 
650 0 0 |a Doing business --   |z Lesotho  
651 0 0 |a Lesotho  
999 |a 0000033090  |b Book  |c Countries  |e Business Information Centre